[Event "Bayern-ch Seniors op 27th"]
[Site "Bergen"]
[Date "2015.06.15"]
[Round "1"]
[White "Sandner, Josef"]
[Black "Knollmueller, Peter"]
[Result "0-1"]
[WhiteElo "1507"]
[BlackElo "1838"]
[PlyCount "62"]
[EventDate "2015.06.15"]
[EventType "swiss"]
[EventRounds "9"]
[EventCountry "GER"]
[SourceTitle "EXT 2019"]
[Source "ChessBase"]
[SourceDate "2018.10.10"]
[SourceVersion "1"]
[SourceVersionDate "2018.10.10"]
[SourceQuality "1"]

1. d4 Nf6 2. e3 d5 3. f4 e6 4. Bd3 c5 5. c3 Nc6 6. Nf3 Be7 7. Nbd2 Ng4 8. Nf1 f5 9. g3 Bd7 10. Qe2 0-0 11. h3 Nf6 12. Qg2 Ne4 13. h4 Qa5 14. Bxe4 dxe4 15. Ne5 Rad8 16. Nc4 Qa6 17. Nfd2 cxd4 18. exd4 b5 19. Ne5 b4 20. Nb3 bxc3 21. bxc3 Nxe5 22. fxe5 Ba4 23. Qe2 Qc6 24. Bb2 Rb8 25. Qc2 Qc4 26. Rb1 Bxb3 27. axb3 Qxb3 28. Qxb3 Rxb3 29. 0-0 Rfb8 30. Ba1 Rxb1 31. Rxb1 Rxb1+ 0-1

[Event "Bayern-ch op Seniors 26th"]
[Site "Bergen"]
[Date "2014.06.22"]
[Round "2"]
[White "Sandner, Josef"]
[Black "Klimpel, Siegfried"]
[Result "1-0"]
[WhiteElo "1461"]
[BlackElo "1662"]
[PlyCount "47"]
[EventDate "2014.06.21"]
[EventType "swiss"]
[EventRounds "7"]
[EventCountry "GER"]
[SourceTitle "EXT 2018"]
[Source "ChessBase"]
[SourceDate "2017.10.13"]
[SourceVersion "1"]
[SourceVersionDate "2017.10.13"]
[SourceQuality "1"]

1. d4 e6 2. e3 b6 3. f4 Nf6 4. Nf3 c5 5. c3 Be7 6. Bd3 Bb7 7. Nbd2 d6 8. Qe2 Nc6 9. 0-0 h6 10. Bc2 Qc7 11. g3 0-0 12. h3 e5 13. dxe5 dxe5 14. Ne4 exf4 15. Nxf6+ Bxf6 16. exf4 Rfe8 17. Qd3 g6 18. Bb3 Rad8 19. Qxg6+ Bg7 20. f5 Kh8 21. Bxf7 Ne5 22. Nxe5 Qxe5 23. Bxh6 Bf6 24. Bf4 1-0

[Event "Bayern-ch Seniors 24nd"]
[Site "Bergen"]
[Date "2012.06.18"]
[Round "3"]
[White "Mueller, Roland2222"]
[Black "Sandner, Josef"]
[Result "1-0"]
[WhiteElo "1615"]
[BlackElo "1465"]
[PlyCount "107"]
[EventDate "2012.06.16"]
[EventType "swiss"]
[EventRounds "9"]
[EventCountry "GER"]
[SourceTitle "EXT 2015"]
[Source "ChessBase"]
[SourceDate "2014.11.20"]
[SourceVersion "1"]
[SourceVersionDate "2014.11.20"]
[SourceQuality "1"]

1. b3 d5 2. Bb2 e6 3. f4 f5 4. Nf3 Nf6 5. e3 Bd6 6. Be2 0-0 7. 0-0 c6 8. h3 Nbd7 9. d3 Qe7 10. Qe1 g6 11. Nbd2 Bc5 12. Qf2 h6 13. d4 Bd6 14. Ne5 Qg7 15. Qg3 Bxe5 16. dxe5 Ne4 17. Nxe4 fxe4 18. Ba3 Rf7 19. Rad1 Nf8 20. Qe1 Nh7 21. Kh2 Bd7 22. Rg1 Re8 23. Qa5 a6 24. Qb4 Bc8 25. c4 Ref8 26. Qd6 g5 27. g3 Kh8 28. Bh5 Rc7 29. Bg4 Re8 30. Rc1 Qd7 31. Bb2 Qxd6 32. exd6+ Rg7 33. Bxg7+ Kxg7 34. Bh5 Rd8 35. c5 Nf6 36. Be2 Kg6 37. Rgf1 Bd7 38. Rf2 Rf8 39. Rcf1 h5 40. fxg5 Kxg5 41. h4+ Kg6 42. Bxh5+ Kg7 43. Be2 e5 44. h5 Bg4 45. Rxf6 Rxf6 46. Rxf6 Bxe2 47. Rg6+ Kf7 48. g4 d4 49. d7 Ke7 50. Rd6 Kd8 51. exd4 e3 52. Kg2 Bxg4 53. dxe5 Bxd7 54. e6 1-0

[Event "Bayern-ch Seniors 23rd"]
[Site "Bergen"]
[Date "2011.06.05"]
[Round "9"]
[White "Blunk, Maria Luise"]
[Black "Sandner, Josef"]
[Result "1/2-1/2"]
[WhiteElo "1549"]
[BlackElo "1462"]
[PlyCount "40"]
[EventDate "2011.05.28"]
[EventType "swiss"]
[EventRounds "9"]
[EventCountry "GER"]
[SourceTitle "EXT 2012"]
[Source "ChessBase"]
[SourceDate "2011.11.24"]
[SourceVersion "1"]
[SourceVersionDate "2011.11.24"]
[SourceQuality "1"]

1. e4 c5 2. Nc3 d6 3. d3 Nf6 4. Be2 g6 5. Nf3 Bg7 6. Bd2 Nc6 7. Rb1 a6 8. Qc1 h5 9. h3 e6 10. a3 Qc7 11. b4 b6 12. b5 Ne7 13. a4 a5 14. Ng5 Nh7 15. Nxh7 Rxh7 16. f4 Bb7 17. Bf3 0-0-0 18. Ne2 f5 19. c4 Kb8 20. 0-0 Ka7 1/2-1/2

[Event "Bayern-ch Seniors 23rd"]
[Site "Bergen"]
[Date "2011.05.31"]
[Round "4"]
[White "Sandner, Josef"]
[Black "Klimpel, Siegfried"]
[Result "0-1"]
[WhiteElo "1462"]
[BlackElo "1688"]
[PlyCount "82"]
[EventDate "2011.05.28"]
[EventType "swiss"]
[EventRounds "9"]
[EventCountry "GER"]
[SourceTitle "EXT 2012"]
[Source "ChessBase"]
[SourceDate "2011.11.24"]
[SourceVersion "1"]
[SourceVersionDate "2011.11.24"]
[SourceQuality "1"]

1. d4 e6 2. e3 b6 3. f4 Nf6 4. Nf3 c5 5. c3 Be7 6. Bd3 Ba6 7. 0-0 Bxd3 8. Qxd3 d5 9. Nbd2 0-0 10. Ne5 Re8 11. Qe2 Bf8 12. g4 Nfd7 13. Qg2 f6 14. Nef3 e5 15. fxe5 fxe5 16. dxe5 Nxe5 17. Nxe5 Rxe5 18. Nf3 Re4 19. Bd2 Nd7 20. Rad1 Nf6 21. h3 Ne8 22. Bc1 Nc7 23. Rf2 Qe7 24. Re2 Re8 25. Rde1 Qd8 26. Qf2 Be7 27. Qg3 Bd6 28. Qg2 Nb5 29. Kh1 Nc7 30. Kg1 R8e6 31. Kh1 Qe7 32. Qf2 Rh6 33. Qg2 Ne6 34. Rf2 Rg6 35. Rd1 h5 36. Rxd5 hxg4 37. Rxd6 Qxd6 38. hxg4 Qd1+ 39. Qg1 Qxg1+ 40. Kxg1 Rexg4+ 41. Kh2 Rh6+ 0-1

[Event "Bayern-ch Seniors 22nd"]
[Site "Bergen"]
[Date "2010.06.19"]
[Round "8"]
[White "Sandner, Josef"]
[Black "Mahrla, Hans"]
[Result "1-0"]
[WhiteElo "1455"]
[BlackElo "1577"]
[PlyCount "27"]
[EventDate "2010.06.12"]
[EventType "swiss"]
[EventRounds "9"]
[EventCountry "GER"]
[SourceTitle "EXT 2011"]
[Source "ChessBase"]
[SourceDate "2010.11.26"]
[SourceVersion "1"]
[SourceVersionDate "2010.11.26"]
[SourceQuality "1"]

1. d4 Nf6 2. e3 d5 3. f4 e6 4. Bd3 c5 5. c3 cxd4 6. exd4 Bd6 7. Nf3 Nc6 8. Ne5 Be7 9. Nd2 Nd7 10. 0-0 f6 11. Qh5+ g6 12. Bxg6+ Kf8 13. Qh6+ Kg8 14. Bf7# 1-0

[Event "Bayern-ch Seniors 22nd"]
[Site "Bergen"]
[Date "2010.06.18"]
[Round "7"]
[White "Aufmwasser, Guenter"]
[Black "Sandner, Josef"]
[Result "1/2-1/2"]
[WhiteElo "1596"]
[BlackElo "1455"]
[PlyCount "57"]
[EventDate "2010.06.12"]
[EventType "swiss"]
[EventRounds "9"]
[EventCountry "GER"]
[SourceTitle "EXT 2011"]
[Source "ChessBase"]
[SourceDate "2010.11.26"]
[SourceVersion "1"]
[SourceVersionDate "2010.11.26"]
[SourceQuality "1"]

1. f4 f5 2. Nf3 d5 3. e3 e6 4. b3 Nf6 5. Bb2 Be7 6. Be2 0-0 7. 0-0 Nbd7 8. Qe1 Qe8 9. Ne5 Nxe5 10. fxe5 Ne4 11. d3 Ng5 12. Nd2 g6 13. a4 a5 14. Qg3 Kh8 15. Rac1 Bd7 16. c4 c6 17. cxd5 cxd5 18. h4 Nf7 19. Nf3 Rg8 20. Nd4 Qd8 21. Rf4 g5 22. hxg5 Bxg5 23. Qh3 Bxf4 24. exf4 Rc8 25. Rxc8 Bxc8 26. Nxf5 Bd7 27. Bh5 Be8 28. Nd6 Qe7 29. Bxf7 1/2-1/2

[Event "Bayern-ch Seniors 22nd"]
[Site "Bergen"]
[Date "2010.06.12"]
[Round "1"]
[White "Josting, Friedel"]
[Black "Sandner, Josef"]
[Result "1-0"]
[WhiteElo "1819"]
[BlackElo "1455"]
[PlyCount "77"]
[EventDate "2010.06.12"]
[EventType "swiss"]
[EventRounds "9"]
[EventCountry "GER"]
[SourceTitle "EXT 2011"]
[Source "ChessBase"]
[SourceDate "2010.11.26"]
[SourceVersion "1"]
[SourceVersionDate "2010.11.26"]
[SourceQuality "1"]

1. c4 e6 2. d4 d5 3. g3 f5 4. Bg2 c6 5. cxd5 exd5 6. Nc3 Nf6 7. Nf3 Be7 8. 0-0 Ne4 9. Ne5 0-0 10. f3 Nxc3 11. bxc3 Nd7 12. Nd3 g5 13. Bd2 Qe8 14. e4 fxe4 15. fxe4 Rxf1+ 16. Qxf1 dxe4 17. Bxe4 Nf6 18. Bf5 h6 19. Re1 Bxf5 20. Qxf5 Qf7 21. Ne5 Qg7 22. Qe6+ Kh7 23. Ng4 Ng8 24. Ne5 Bf6 25. Qf5+ Kh8 26. Ng6+ Kh7 27. Ne5+ Kh8 28. Ng6+ Kh7 29. Nf8+ Kh8 30. Ne6 Qf7 31. h4 Bxd4+ 32. Nxd4 Qxf5 33. Nxf5 Rf8 34. Rf1 gxh4 35. gxh4 h5 36. Bg5 Kh7 37. Nd6 Rxf1+ 38. Kxf1 b6 39. Nc8 1-0

[Event "Bayern-ch Seniors 21st"]
[Site "Bergen"]
[Date "2009.06.21"]
[Round "2"]
[White "Lieber, Helmut"]
[Black "Sandner, Josef"]
[Result "1-0"]
[WhiteElo "1850"]
[BlackElo "1456"]
[PlyCount "75"]
[EventDate "2009.06.20"]
[EventType "swiss"]
[EventRounds "9"]
[EventCountry "GER"]
[SourceTitle "EXT 2015"]
[Source "ChessBase"]
[SourceDate "2014.11.20"]
[SourceVersion "1"]
[SourceVersionDate "2014.11.20"]
[SourceQuality "1"]

1. e4 c5 2. Nf3 d6 3. d4 cxd4 4. Nxd4 Nf6 5. Nc3 g6 6. Be2 Bg7 7. Be3 0-0 8. Qd2 Nc6 9. 0-0-0 Bd7 10. f3 Qa5 11. g4 Rfc8 12. h4 Ne5 13. Nb3 Qd8 14. h5 Nc4 15. Bxc4 Rxc4 16. hxg6 fxg6 17. Bh6 Bh8 18. g5 Nh5 19. Qd5+ e6 20. Qxc4 Rc8 21. Qd3 Be5 22. Rxh5 Bf4+ 23. Kb1 gxh5 24. Ne2 Be5 25. f4 Bh8 26. Qxd6 Qc7 27. Qxc7 Rxc7 28. Nbd4 Bxd4 29. Nxd4 Kf7 30. c3 Ba4 31. b3 Be8 32. Kc2 Rd7 33. Nf3 Rxd1 34. Kxd1 Bc6 35. Nd2 Ke7 36. Ke2 Kf7 37. Ke3 Kg6 38. Nf3 1-0

[Event "Chiemgau Seniors Cup 1st"]
[Site "Bergen"]
[Date "2005.10.14"]
[Round "4"]
[White "Leutz, Hans"]
[Black "Sandner, Josef"]
[Result "1-0"]
[WhiteElo "1865"]
[BlackElo "1501"]
[PlyCount "59"]
[EventDate "2005.10.11"]
[EventType "swiss"]
[EventRounds "9"]
[EventCountry "GER"]
[SourceTitle "EXT 2007"]
[Source "ChessBase"]
[SourceDate "2006.11.23"]
[SourceVersion "1"]
[SourceVersionDate "2006.11.23"]
[SourceQuality "1"]

1. d4 c5 2. e3 Nf6 3. Nf3 cxd4 4. exd4 e6 5. Bd3 d5 6. 0-0 Be7 7. Nbd2 0-0 8. Re1 b6 9. Ne5 Bb7 10. c3 Nbd7 11. Ndf3 h6 12. Nxd7 Qxd7 13. Ne5 Qc7 14. Qf3 Rac8 15. Bf4 Qd8 16. Kh1 Re8 17. Rg1 Bf8 18. Rae1 Qe7 19. Bc1 g5 20. Qe2 Bg7 21. Rgf1 Nd7 22. f4 Nxe5 23. fxe5 Rf8 24. Rf3 Bc6 25. Bc2 Bd7 26. Qd3 Rfe8 27. Qh7+ Kf8 28. Bg6 f6 29. exf6 Bxf6 30. Qh8# 1-0